000 00398nam a2200169Ia 4500
008 230524s9999 xx 000 0 und d
020 _a8173669112
082 _a401
_bHUN
100 _aJ.M.Hunter
245 0 _aConducting The J2 EE Job Interview
250 _a1ST
260 _aBANGALORE
_bShroff
_c2004
300 _a229+2
500 _aQuantity Number: 4
650 _aEnglish
942 _cBK
999 _c6588
_d6588